[Event "15th EUR-ch (w)"]
[Site "Plovdiv BUL"]
[Date "2014.07.14"]
[Round "8.28"]
[White "Dordzhieva, Dinara"]
[Black "Shadrina, Tatiana"]
[Result "1/2-1/2"]
[WhiteElo "2225"]
[BlackElo "2348"]
[EventDate "2014.07.06"]
[PlyCount "146"]

1.d4 d5 2.c4 c6 3.Nf3 Nf6 4.Nbd2 Bf5 5.Nh4 Be4 6.Qb3 Qb6 7.f3 Qxb3 8.Nxb3 
Bc2 9.Bd2 e6 10.Rc1 Bxb3 11.axb3 Be7 12.g3 Nbd7 13.e3 g5 14.Ng2 h5 15.h3 
Bd6 16.Kf2 Ke7 17.Bd3 g4 18.hxg4 hxg4 19.f4 Ne4+ 20.Bxe4 dxe4 21.Bc3 Nf6 
22.Nh4 Rh5 23.b4 a6 24.Ra1 Bc7 25.b3 Bb6 26.Ra2 Rah8 27.Kg2 R8h7 28.Rf2 
Bc7 29.Kg1 Ne8 30.Rfh2 Ng7 31.Bd2 Kd7 32.Ng2 Rxh2 33.Rxh2 Rxh2 34.Kxh2 Bd8
35.Ne1 Nf5 36.Nc2 b6 37.Na3 Be7 38.c5 b5 39.Nb1 Ng7 40.Nc3 f5 41.Kg2 Bd8 
42.Kf2 Ne8 43.Ke2 Nf6 44.Na2 Nd5 45.Be1 Kc8 46.Bd2 Kb7 47.Be1 Ka7 48.Bd2 
Bc7 49.Be1 Ne7 50.Bd2 Ng6 51.Bc3 Ne7 52.Bd2 Ng8 53.Bc3 Nh6 54.Bd2 Nf7 55.
Bc3 Nd8 56.Be1 Nb7 57.Bd2 Nd8 58.Be1 Nf7 59.Bc3 Nh6 60.Bd2 Ng8 61.Bc3 Nf6 
62.Bd2 Kb7 63.Be1 Nh5 64.Kf2 Bd8 65.Bd2 Nf6 66.Ke2 Nd5 67.Be1 Kc7 68.Bd2 
Ne7 69.Be1 Ng6 70.Nc3 Kd7 71.Nb1 Ne7 72.Na3 Nd5 73.Nc2 Bc7 1/2-1/2

[Event "15th EUR-ch (w)"]
[Site "Plovdiv BUL"]
[Date "2014.07.14"]
[Round "8.29"]
[White "Cosma, Elena-Luminita"]
[Black "Ionescu, Irina"]
[Result "1/2-1/2"]
[WhiteElo "2344"]
[BlackElo "2253"]
[EventDate "2014.07.06"]
[PlyCount "133"]

1.Nf3 d5 2.g3 c6 3.Bg2 Nf6 4.O-O Bf5 5.d3 Nbd7 6.Nbd2 e6 7.Qe1 h6 8.e4 
dxe4 9.dxe4 Bh7 10.Qe2 e5 11.b3 Bc5 12.Bb2 Qe7 13.a3 a5 14.b4 Bb6 15.Nc4 
Bc7 16.bxa5 Bxe4 17.Rfe1 Bxf3 18.Bxf3 O-O 19.Nxe5 Nxe5 20.Bxe5 Bxe5 21.
Qxe5 Qxe5 22.Rxe5 Nd7 23.Re3 Rxa5 24.Rb1 Nc5 25.Kg2 Rd8 26.Rb4 Rd2 27.Re8+
Kh7 28.Rc4 Ne6 29.Be4+ f5 30.Bd3 Ng5 31.Rf4 Ne4 32.Rxf5 Rxf5 33.Bxe4 Rxf2+
34.Kh3 Kg6 35.Rb8 Kg5 36.Bxf5 Rxf5 37.Rxb7 g6 38.a4 Rc5 39.Rb2 Kf5 40.Ra2 
Ra5 41.Ra3 c5 42.Kg2 Ke4 43.Kf2 c4 44.Ke2 g5 45.g4 Kd4 46.Kd2 c3+ 47.Rxc3 
Rxa4 48.Re3 Kd5 49.h3 Rf4 50.Kd3 Rd4+ 51.Kc3 Rf4 52.Kb3 Kd4 53.Rd3+ Kc5 
54.c3 Rf1 55.Re3 Kd5 56.Kc2 Rf2+ 57.Kd3 Rf4 58.Kc2 Rf2+ 59.Kb3 Rf1 60.Rd3+
Kc5 61.Rg3 Rf2 62.Re3 Kd5 63.Rd3+ Kc5 64.c4 Rh2 65.Rd5+ Kc6 66.Rd3 Kc5 67.
Rd5+ 1/2-1/2

[Event "15th EUR-ch (w)"]
[Site "Plovdiv BUL"]
[Date "2014.07.14"]
[Round "8.30"]
[White "Stetsko, Lanita"]
[Black "Kulon, Klaudia"]
[Result "1-0"]
[WhiteElo "2245"]
[BlackElo "2341"]
[EventDate "2014.07.06"]
[PlyCount "77"]

1.e4 e5 2.Nf3 Nc6 3.Bb5 a6 4.Ba4 Nf6 5.O-O b5 6.Bb3 Be7 7.d4 exd4 8.e5 Ne4
9.Bd5 Nc5 10.Nxd4 Bb7 11.Nf5 O-O 12.Nc3 Ne6 13.Be4 Rb8 14.Nxe7+ Nxe7 15.
Qh5 g6 16.Qf3 Nd4 17.Qd3 c5 18.Bxb7 Rxb7 19.Ne4 Nec6 20.Nf6+ Kh8 21.Qh3 h5
22.Nxh5 gxh5 23.Qxh5+ Kg8 24.Qg4+ Kh7 25.Qh5+ Kg8 26.Bg5 f6 27.Qg6+ Kh8 
28.Qh6+ Kg8 29.Qg6+ Kh8 30.exf6 d6 31.f7 Qxg5 32.Qxg5 Rfxf7 33.Qh6+ Kg8 
34.Rae1 Ne7 35.Qxd6 Rg7 36.f4 Nxc2 37.Re5 Nd4 38.Qxc5 Rd7 39.f5 1-0

[Event "15th EUR-ch (w)"]
[Site "Plovdiv BUL"]
[Date "2014.07.14"]
[Round "8.32"]
[White "Videnova, Iva"]
[Black "Stiazhkina, Anna"]
[Result "1-0"]
[WhiteElo "2315"]
[BlackElo "2220"]
[EventDate "2014.07.06"]
[PlyCount "117"]

1.e4 e5 2.Nf3 Nc6 3.Bb5 a6 4.Ba4 Nf6 5.O-O b5 6.Bb3 Bb7 7.c3 Nxe4 8.d4 
exd4 9.Re1 d5 10.Ng5 Qd7 11.Nxf7 Qxf7 12.Rxe4+ Be7 13.Rf4 Qe6 14.cxd4 
O-O-O 15.Nc3 Bf6 16.Be3 g5 17.Nxd5 Rxd5 18.Bxd5 Qd6 19.Rxf6 Qxf6 20.Rc1 
Rd8 21.Bxc6 Bxc6 22.Qc2 Rd6 23.Qxh7 Kb7 24.Qc2 Qe6 25.h3 g4 26.hxg4 Rd7 
27.b3 Rg7 28.g5 Bd5 29.Qd1 Rh7 30.Qf1 Qe4 31.Rc3 Qh4 32.f3 Qh2+ 33.Kf2 
Bxf3 34.Qg1 Bd5 35.Qxh2 Rxh2 36.Rxc7+ Kxc7 37.Bf4+ Kd7 38.Bxh2 Bf7 39.Ke3 
Ke6 40.Be5 Bg6 41.Kd2 Kd5 42.Kc3 Be4 43.Kb4 Kc6 44.Ka5 Kb7 45.g3 Bb1 46.d5
Bxa2 47.d6 Kc6 48.b4 Be6 49.Kxa6 Bc8+ 50.Ka7 Bf5 51.Kb8 Kd7 52.Kb7 Bd3 53.
Kb6 Bc4 54.g6 Bd3 55.g7 Bc4 56.Kc5 Bg8 57.Kxb5 Be6 58.Kb6 Bd5 59.b5 1-0

[Event "15th EUR-ch (w)"]
[Site "Plovdiv BUL"]
[Date "2014.07.14"]
[Round "8.33"]
[White "Ozturk, Kubra"]
[Black "Khalafova, Narmin"]
[Result "1-0"]
[WhiteElo "2311"]
[BlackElo "2191"]
[EventDate "2014.07.06"]
[PlyCount "57"]

1.d4 d5 2.c4 c6 3.Nf3 Nf6 4.e3 e6 5.Nc3 Nbd7 6.Qc2 Bd6 7.Bd3 O-O 8.O-O 
dxc4 9.Bxc4 a6 10.a4 c5 11.Rd1 Qc7 12.Ne4 Nxe4 13.Qxe4 Nf6 14.Qh4 cxd4 15.
Bd3 dxe3 16.Bxe3 Be7 17.Rac1 Qd8 18.Bg5 h6 19.Bxh6 gxh6 20.Qxh6 Qa5 21.Ng5
e5 22.Bh7+ Kh8 23.Bg6+ Kg8 24.Rd6 Be6 25.Rxe6 Qd2 26.Rf1 Qxg5 27.Qxg5 fxe6
28.Bf5+ Kh8 29.Qh6+ 1-0

[Event "15th EUR-ch (w)"]
[Site "Plovdiv BUL"]
[Date "2014.07.14"]
[Round "8.34"]
[White "Ibrahimova, Sabina"]
[Black "Golubenko, Valentina"]
[Result "1-0"]
[WhiteElo "2218"]
[BlackElo "2292"]
[EventDate "2014.07.06"]
[PlyCount "123"]

1.e4 e6 2.d4 d5 3.Nc3 Bb4 4.e5 c5 5.Bd2 Ne7 6.a3 Bxc3 7.Bxc3 Nbc6 8.Nf3 
cxd4 9.Bxd4 Nf5 10.c3 O-O 11.Bd3 Nfxd4 12.cxd4 Bd7 13.O-O Rc8 14.Rc1 f6 
15.exf6 Qxf6 16.Bb5 a6 17.Bxc6 Rxc6 18.Qd2 h6 19.Ne5 Rxc1 20.Rxc1 Bb5 21.
b3 Qf4 22.Qe3 a5 23.Ng6 Qxe3 24.fxe3 Rf6 25.Ne5 Rf8 26.h4 Be2 27.Ng6 Rb8 
28.Kf2 Bh5 29.Ne5 Rf8+ 30.Kg1 Be2 31.g4 Ba6 32.Kg2 Kh7 33.h5 Be2 34.Ng6 
Re8 35.Kg3 Bd3 36.Ne5 Ba6 37.Rc5 Rf8 38.Ng6 Rb8 39.Rxa5 Rc8 40.Rc5 Ra8 41.
a4 Re8 42.b4 Bd3 43.Ne5 Be4 44.Rc7 Rf8 45.Rxb7 Rf1 46.a5 Rg1+ 47.Kf2 Rg2+ 
48.Ke1 Ra2 49.Rb6 Ra3 50.a6 Rxe3+ 51.Kd2 Ra3 52.b5 Ra2+ 53.Kc3 Bg2 54.Rb7 
Bf1 55.Kb4 Rb2+ 56.Kc5 Rc2+ 57.Kd6 Ra2 58.Ng6 Bd3 59.Nf8+ Kg8 60.Nxe6 Bxb5
61.Rb8+ Kh7 62.Nf8+ 1-0

[Event "15th EUR-ch (w)"]
[Site "Plovdiv BUL"]
[Date "2014.07.14"]
[Round "8.36"]
[White "Petrukhina, Irina"]
[Black "Peptan, Corina-Isabela"]
[Result "0-1"]
[WhiteElo "2156"]
[BlackElo "2453"]
[EventDate "2014.07.06"]
[PlyCount "72"]

1.d4 d5 2.c4 dxc4 3.Nf3 Nf6 4.e3 e6 5.Bxc4 a6 6.O-O Nbd7 7.a4 c5 8.Nc3 Qc7
9.Qe2 Bd6 10.Rd1 O-O 11.Bd2 cxd4 12.exd4 b6 13.Rac1 Bb7 14.Bd3 Qb8 15.Ne4 
Bxe4 16.Bxe4 Nxe4 17.Qxe4 Re8 18.Qg4 Qb7 19.Bh6 Bf8 20.Ne5 Nf6 21.Qh4 Rac8
22.Rc3 Rxc3 23.bxc3 Qe4 24.Qg3 Rc8 25.Bg5 Qe2 26.Rb1 Qa2 27.Rf1 Ne4 28.Qf4
Nxg5 29.Nd7 f6 30.Nxb6 Rxc3 31.h4 Nf7 32.Qb8 Qb3 33.a5 Qb4 34.Re1 Qxd4 35.
Qe8 Rc2 36.Rf1 Qd6 0-1

[Event "15th EUR-ch (w)"]
[Site "Plovdiv BUL"]
[Date "2014.07.14"]
[Round "8.37"]
[White "Antova, Gabriela"]
[Black "Zawadzka, Jolanta"]
[Result "0-1"]
[WhiteElo "1876"]
[BlackElo "2397"]
[EventDate "2014.07.06"]
[PlyCount "80"]

1.e4 c5 2.Nf3 e6 3.d4 cxd4 4.Nxd4 Nc6 5.Nc3 Qc7 6.Be3 Nf6 7.Be2 a6 8.O-O 
Be7 9.f4 d6 10.Qe1 b5 11.Nxc6 Qxc6 12.e5 dxe5 13.fxe5 Nd5 14.Bf3 b4 15.
Nxd5 exd5 16.Rd1 Be6 17.Qg3 Bc5 18.Bd4 O-O 19.Qf2 Be7 20.Kh1 Rfc8 21.c3 
bxc3 22.Bxc3 Qc4 23.Be2 Qxa2 24.Ra1 Qb3 25.Bxa6 Bc5 26.Qh4 Rcb8 27.h3 g6 
28.Be2 Qb6 29.Bg4 Rxa1 30.Rxa1 Bxg4 31.Qxg4 d4 32.Bd2 Qxb2 33.Rd1 Qb3 34.
Bg5 Qd5 35.Bf6 h5 36.Qg5 Kh7 37.Rd2 Rb1+ 38.Kh2 d3 39.Be7 Bg1+ 40.Kg3 Re1 
0-1

[Event "15th EUR-ch (w)"]
[Site "Plovdiv BUL"]
[Date "2014.07.14"]
[Round "8.39"]
[White "Sandu, Mihaela"]
[Black "Topel, Zehra"]
[Result "0-1"]
[WhiteElo "2308"]
[BlackElo "2170"]
[EventDate "2014.07.06"]
[PlyCount "152"]

1.e4 c5 2.Nf3 d6 3.d4 cxd4 4.Nxd4 Nf6 5.Nc3 Nc6 6.Be2 e5 7.Nf3 h6 8.O-O 
Be7 9.Re1 O-O 10.h3 Be6 11.Bf1 Nb8 12.b3 a6 13.a4 Qc7 14.Bb2 Nbd7 15.Nd2 
Rfd8 16.a5 Qc6 17.Nc4 Bf8 18.Qf3 Nh7 19.Qg3 f5 20.exf5 Bxf5 21.Ne3 Be6 22.
Ng4 Kh8 23.Bd3 Ndf6 24.Nxf6 gxf6 25.Qh4 Bg7 26.Na4 Rg8 27.Bc1 f5 28.Bf1 f4
29.Ra2 Ng5 30.Qh5 Bf8 31.Kh2 Bxh3 32.c4 Bf5 33.Nc3 Bg6 34.Qh4 Qd7 35.Nd5 
Qd8 36.Kh1 Be4 37.Bb2 Bxd5 38.cxd5 Qf6 39.Bd3 Qg7 40.Qh2 Be7 41.Qxf4 Raf8 
42.Qg3 Qf7 43.Qh2 Qg7 44.Bc1 Rc8 45.Bd2 Qf6 46.f4 exf4 47.Bxf4 Bf8 48.Rae2
Rc3 49.Re6 Nxe6 50.Rxe6 Rxd3 51.Rxf6 Rd1+ 52.Qg1 Rxg1+ 53.Kxg1 Bg7 54.Rxd6
Bd4+ 55.Kh2 Rg7 56.Rxh6+ Kg8 57.Rh5 Rf7 58.Be5 Rh7 59.Bxd4 Rxh5+ 60.Kg3 
Rxd5 61.Bb6 Rb5 62.Kf4 Rxb3 63.Bd8 Rd3 64.Bc7 Kf7 65.g3 Rd7 66.Bb6 Re7 67.
Bd8 Re1 68.Bb6 Kg6 69.Bd8 Re8 70.Bb6 Rf8+ 71.Kg4 Rf1 72.Bc7 Rc1 73.Bb6 
Rc4+ 74.Kf3 Kf5 75.Ke3 Kg4 76.Kd3 Rc6 0-1

[Event "15th EUR-ch (w)"]
[Site "Plovdiv BUL"]
[Date "2014.07.14"]
[Round "8.41"]
[White "Amrayeva, Aytan"]
[Black "Mirzoeva, Elmira"]
[Result "0-1"]
[WhiteElo "2065"]
[BlackElo "2241"]
[EventDate "2014.07.06"]
[PlyCount "62"]

1.c4 g6 2.Nc3 Bg7 3.g3 e5 4.Bg2 d6 5.d3 Nc6 6.e4 f5 7.Nge2 Nf6 8.O-O O-O 
9.h3 fxe4 10.dxe4 Be6 11.Nd5 Nd4 12.Be3 c5 13.f4 Nh5 14.Kh2 Bxd5 15.cxd5 
Nxe2 16.Qxe2 exf4 17.gxf4 Bh6 18.f5 Bxe3 19.Qxe3 Qe7 20.fxg6 Qe5+ 21.Kg1 
hxg6 22.Qc3 Qg5 23.Kh2 Rae8 24.Rae1 Rf4 25.b4 cxb4 26.Qxb4 Qg3+ 27.Kg1 
Rxf1+ 28.Rxf1 Nf4 29.Qd2 Rxe4 30.Rf3 Re1+ 31.Rf1 Nxh3+ 0-1

[Event "15th EUR-ch (w)"]
[Site "Plovdiv BUL"]
[Date "2014.07.14"]
[Round "8.42"]
[White "Tsolakidou, Stavroula"]
[Black "Havlikova, Kristyna"]
[Result "0-1"]
[WhiteElo "2157"]
[BlackElo "2229"]
[EventDate "2014.07.06"]
[PlyCount "118"]

1.e4 e5 2.Nf3 Nc6 3.Bb5 a6 4.Ba4 Nf6 5.O-O b5 6.Bb3 Bc5 7.c3 d6 8.d4 Bb6 
9.a4 Rb8 10.axb5 axb5 11.h3 O-O 12.Be3 exd4 13.cxd4 Na5 14.Bc2 Bb7 15.Nbd2
h6 16.Re1 Re8 17.d5 c6 18.b4 Nc4 19.Nxc4 bxc4 20.Ba4 Rc8 21.Bxb6 Qxb6 22.
Nd2 Qd4 23.Rc1 c3 24.Nb3 Qxb4 25.Nd4 Qc5 26.dxc6 Ba6 27.Nf5 Nxe4 28.Qg4 
Qxf2+ 29.Kh2 Ng5 30.Ne7+ Rxe7 31.Rxe7 f5 32.Qg3 Qxg3+ 33.Kxg3 Ne4+ 34.Kf4 
Nc5 35.Bc2 Bd3 36.c7 Kf8 37.Re3 g5+ 38.Kf3 Bxc2 39.Rxc2 Ne4 40.g4 Rxc7 41.
gxf5 d5 42.Rd3 Rc5 43.h4 Kf7 44.hxg5 hxg5 45.Ke2 Kf6 46.Rf3 Ra5 47.Ke3 Ke5
48.Kd3 Ra1 49.f6 g4 50.Re3 Kxf6 51.Kd4 Rd1+ 52.Rd3 Rxd3+ 53.Kxd3 Ke5 54.
Re2 Kf4 55.Ra2 g3 56.Ke2 g2 57.Ra1 Kg3 58.Ra7 c2 59.Rc7 Kf4 0-1

[Event "15th EUR-ch (w)"]
[Site "Plovdiv BUL"]
[Date "2014.07.14"]
[Round "8.43"]
[White "Stiazhkina, Olga"]
[Black "Mammadova, Narmin"]
[Result "1-0"]
[WhiteElo "2177"]
[BlackElo "2019"]
[EventDate "2014.07.06"]
[PlyCount "47"]

1.e4 c6 2.c4 d5 3.exd5 cxd5 4.cxd5 Nf6 5.Nc3 Nxd5 6.Nf3 Nc6 7.Bb5 e6 8.O-O
Bd6 9.d4 O-O 10.Re1 Qb6 11.Bc4 Nxc3 12.bxc3 Qa5 13.Bd2 h6 14.Qe2 Rd8 15.
Qe4 Qh5 16.g4 Qa5 17.g5 h5 18.g6 f6 19.Bxe6+ Kh8 20.c4 Bb4 21.Bxb4 Nxb4 
22.d5 Bxe6 23.Qxe6 Nxd5 24.Qf5 1-0

[Event "15th EUR-ch (w)"]
[Site "Plovdiv BUL"]
[Date "2014.07.14"]
[Round "8.44"]
[White "Isgandarova, Khayala"]
[Black "Kaya, Emel"]
[Result "1-0"]
[WhiteElo "2184"]
[BlackElo "1987"]
[EventDate "2014.07.06"]
[PlyCount "57"]

1.e4 e5 2.Nf3 Nc6 3.d4 exd4 4.Nxd4 Nf6 5.Nxc6 bxc6 6.Bd3 d6 7.O-O Be7 8.h3
O-O 9.Nd2 Rb8 10.f4 g6 11.e5 dxe5 12.fxe5 Qd4+ 13.Kh1 Nh5 14.Ne4 Qxe5 15.
Bh6 Bd6 16.Nxd6 Ng3+ 17.Kg1 cxd6 18.Rf2 Nh5 19.Bxf8 Kxf8 20.Qf3 Be6 21.
Qxc6 Rxb2 22.Rd1 Nf4 23.Bf1 Bd5 24.Qc8+ Kg7 25.Qg4 g5 26.g3 Be6 27.Qf3 Bd5
28.Qa3 Rxa2 29.gxf4 1-0

[Event "15th EUR-ch (w)"]
[Site "Plovdiv BUL"]
[Date "2014.07.14"]
[Round "8.45"]
[White "Nevioselaya, Maria"]
[Black "Ohme, Melanie"]
[Result "0-1"]
[WhiteElo "2039"]
[BlackElo "2352"]
[EventDate "2014.07.06"]
[PlyCount "76"]

1.e4 c5 2.Nf3 d6 3.d4 cxd4 4.Qxd4 a6 5.Bc4 Nc6 6.Qd3 e6 7.Nc3 Be7 8.Bf4 
Qc7 9.Bb3 Nf6 10.Rd1 Ne5 11.Nxe5 dxe5 12.Bg5 O-O 13.O-O b5 14.Qe2 Bb7 15.
Bxf6 Bxf6 16.Rd3 Bc6 17.Rh3 Rfd8 18.Qh5 h6 19.Qg4 Rd2 20.Ne2 Bg5 21.Ng3 
Kf8 22.Re1 Rad8 23.Nf1 R2d6 24.c3 a5 25.Rf3 Qe7 26.Qh3 Kg8 27.Bc2 Qd7 28.
Qh5 g6 29.Qg4 Rd2 30.h4 Be7 31.Bb3 Rxb2 32.Rd1 Qc8 33.Rxd8+ Bxd8 34.Ng3 
Qd7 35.Nh5 a4 36.Bxe6 Qxe6 37.Qg3 Kf8 38.Rd3 Bb6 0-1

[Event "15th EUR-ch (w)"]
[Site "Plovdiv BUL"]
[Date "2014.07.14"]
[Round "8.47"]
[White "Blagojevic, Tijana"]
[Black "Vovk, Oksana"]
[Result "1/2-1/2"]
[WhiteElo "2154"]
[BlackElo "2083"]
[EventDate "2014.07.06"]
[PlyCount "93"]

1.e4 e6 2.d4 d5 3.Nd2 Nc6 4.Ngf3 Nf6 5.e5 Nd7 6.Be2 f6 7.exf6 Qxf6 8.Nf1 
Bd6 9.Ne3 O-O 10.O-O Nb6 11.Bb5 Bd7 12.Ng4 Qg6 13.h3 Rxf3 14.gxf3 h5 15.
Bd3 Qf7 16.Ne5 Nxe5 17.dxe5 Bxe5 18.f4 Bd6 19.Qf3 e5 20.Be2 exf4 21.Qxh5 
Qxh5 22.Bxh5 Bxh3 23.Rd1 Bf5 24.c3 c6 25.b3 Nd7 26.Kg2 Nf6 27.Rh1 Nxh5 28.
Rxh5 Bg4 29.Bxf4 Bxh5 30.Bxd6 Rd8 31.Bc7 Rd7 32.Bb8 b6 33.a4 c5 34.a5 d4 
35.axb6 axb6 36.cxd4 cxd4 37.Bf4 d3 38.Ra2 Bd1 39.b4 Bc2 40.Bd2 Re7 41.
Ra8+ Kf7 42.Rd8 Re8 43.Rxe8 Kxe8 44.Kf3 Kd7 45.Ke3 Ke6 46.Kd4 b5 47.Ke4 
1/2-1/2

[Event "15th EUR-ch (w)"]
[Site "Plovdiv BUL"]
[Date "2014.07.14"]
[Round "8.48"]
[White "Galunova, Tsveta"]
[Black "Vasova, Maria"]
[Result "1-0"]
[WhiteElo "2125"]
[BlackElo "1991"]
[EventDate "2014.07.06"]
[PlyCount "117"]

1.e4 c6 2.d4 d5 3.exd5 cxd5 4.Bd3 Nc6 5.c3 Qc7 6.h3 Nf6 7.Nf3 g6 8.O-O Bg7
9.Re1 O-O 10.Nbd2 Rb8 11.a4 b6 12.Nf1 Bb7 13.Bg5 Rbe8 14.Qd2 Na5 15.Bf4 
Qc8 16.Qc2 Nc4 17.N1d2 Nd7 18.Nb3 f6 19.Bg3 e5 20.dxe5 fxe5 21.Bf1 Nd6 22.
Bh2 a6 23.Rad1 Qc6 24.a5 b5 25.Qc1 Nc4 26.Qc2 Qc7 27.Ra1 Qd8 28.Bg3 Rf7 
29.Nh2 Ref8 30.Bd3 Bf6 31.Ng4 Bh4 32.Nh6+ Kg7 33.Nxf7 Rxf7 34.Bxh4 Qxh4 
35.Qe2 Bc8 36.Rad1 Qg5 37.Bb1 Nf6 38.Kh1 Nh5 39.Bd3 Nf4 40.Qf1 Nxb2 41.Bc2
Nxd1 42.Bxd1 Rc7 43.Re3 Bb7 44.Bf3 Qf6 45.Qe1 e4 46.Be2 Nxe2 47.Qxe2 Rxc3 
48.Rxc3 Qxc3 49.Qg4 Qxb3 50.Qd7+ Kf6 51.Qxb7 Qc4 52.Qxa6+ Ke5 53.Qb6 b4 
54.a6 b3 55.a7 Qc1+ 56.Kh2 b2 57.a8=Q b1=Q 58.Qab8+ Kf5 59.Qxb1 1-0

[Event "15th EUR-ch (w)"]
[Site "Plovdiv BUL"]
[Date "2014.07.14"]
[Round "8.49"]
[White "Azimova, Karina"]
[Black "Yordanova, Svetla"]
[Result "1/2-1/2"]
[WhiteElo "2033"]
[BlackElo "2101"]
[EventDate "2014.07.06"]
[PlyCount "80"]

1.e4 c5 2.c3 g6 3.Nf3 Bg7 4.d4 cxd4 5.cxd4 d5 6.e5 Nc6 7.h3 f6 8.Bb5 Nh6 
9.exf6 exf6 10.O-O O-O 11.Re1 Bf5 12.Nc3 Nb4 13.Ba4 Nd3 14.Re2 Nxc1 15.
Rxc1 Nf7 16.Qb3 Bd3 17.Re6 Bc4 18.Qxb7 Rb8 19.Qxa7 Rxb2 20.Rce1 Qb8 21.
Qxb8 Rfxb8 22.Re8+ Bf8 23.Bb3 Rxe8 24.Rxe8 Bxb3 25.axb3 Nd6 26.Ra8 Rxb3 
27.Nxd5 Rb1+ 28.Kh2 Ne4 29.Re8 Nxf2 30.Nxf6+ Kg7 31.Ne5 Bd6 32.Re6 Bxe5+ 
33.dxe5 Kf7 34.Ra6 h5 35.Kg3 Nd3 36.Nd7 Re1 37.Kf3 Nxe5+ 38.Nxe5+ Rxe5 39.
g4 Rb5 40.gxh5 Rxh5 1/2-1/2

[Event "15th EUR-ch (w)"]
[Site "Plovdiv BUL"]
[Date "2014.07.14"]
[Round "8.50"]
[White "Litvinenko, Ekaterina"]
[Black "Mareckova, Martina"]
[Result "0-1"]
[WhiteElo "1978"]
[BlackElo "2094"]
[EventDate "2014.07.06"]
[PlyCount "88"]

1.e4 e5 2.Nf3 Nc6 3.Bb5 a6 4.Ba4 d6 5.Bxc6+ bxc6 6.d4 f6 7.c4 Ne7 8.Nc3 
Ng6 9.O-O Be7 10.Ne2 O-O 11.Ng3 Be6 12.d5 Bd7 13.Qc2 c5 14.Nf5 Nh8 15.a4 
g6 16.Nxe7+ Qxe7 17.Ra3 g5 18.Ne1 Ng6 19.g3 Kh8 20.Ng2 Qg7 21.Ne3 Ne7 22.
Nf5 Nxf5 23.exf5 Rab8 24.Kh1 Rg8 25.Qe4 Rb4 26.b3 Rgb8 27.Qf3 Qg8 28.Bd2 
R4b7 29.Rb1 g4 30.Qe4 Qc8 31.Rb2 Bxf5 32.Qe3 c6 33.Ra1 cxd5 34.cxd5 Qg8 
35.Rd1 Qxd5+ 36.Kg1 Rxb3 37.Rxb3 Qxb3 38.Qe2 Qc2 39.Qf1 Rb1 40.Rxb1 Qxb1 
41.Bc1 Qd3 42.Qe1 Be4 43.Be3 Bf3 44.Bd2 Qe2 0-1

[Event "15th EUR-ch (w)"]
[Site "Plovdiv BUL"]
[Date "2014.07.14"]
[Round "8.51"]
[White "Kouvatsou, Maria"]
[Black "Salimova, Nurgyul"]
[Result "0-1"]
[WhiteElo "2152"]
[BlackElo "1908"]
[EventDate "2014.07.06"]
[PlyCount "88"]

1.e4 c6 2.d4 d5 3.exd5 cxd5 4.c4 Nf6 5.Nc3 g6 6.cxd5 Bg7 7.Bc4 O-O 8.Nge2 
Nbd7 9.O-O Nb6 10.Bb3 Nfxd5 11.Re1 a5 12.a4 Nb4 13.d5 Bf5 14.Ng3 Bd3 15.
Bg5 Re8 16.Nge4 h6 17.Bh4 g5 18.Bg3 Nc4 19.Bxc4 Bxc4 20.d6 exd6 21.Nxd6 
Rxe1+ 22.Qxe1 Nc2 23.Qe4 Nxa1 24.Qxc4 Qe7 25.h3 Qe6 26.Qc7 f5 27.Qxb7 Rf8 
28.Nxf5 Rxf5 29.Ne4 Qd5 30.Qe7 Rf7 31.Qe8+ Rf8 32.Qe7 Qd8 33.Qe6+ Kh7 34.
Bd6 Qc8 35.Qe7 Qf5 36.Bg3 Rf7 37.Qe8 Rf8 38.Qc6 Be5 39.Bxe5 Qxe5 40.Qd7+ 
Qg7 41.Qd3 Kh8 42.Nd6 Qf6 43.Ne4 Qxb2 44.Qd6 Qc1+ 0-1

[Event "15th EUR-ch (w)"]
[Site "Plovdiv BUL"]
[Date "2014.07.14"]
[Round "8.52"]
[White "Paramzina, Anastasia"]
[Black "Bokuchava, Madona"]
[Result "1/2-1/2"]
[WhiteElo "2117"]
[BlackElo "2027"]
[EventDate "2014.07.06"]
[PlyCount "52"]

1.e4 g6 2.d4 Bg7 3.f4 d6 4.Nf3 e6 5.Nc3 Ne7 6.Be3 a6 7.a4 b6 8.Be2 Bb7 9.
O-O Nd7 10.Qe1 O-O 11.Rd1 d5 12.e5 c5 13.a5 Nf5 14.Bf2 cxd4 15.Nxd4 Nxd4 
16.Bxd4 b5 17.b4 Qe7 18.Na2 f6 19.Bg4 fxe5 20.fxe5 Rxf1+ 21.Kxf1 Rf8+ 22.
Kg1 Rf4 23.Bf3 Rf5 24.Bg4 Rf4 25.Bf3 Rf5 26.Bg4 Rf4 1/2-1/2

[Event "15th EUR-ch (w)"]
[Site "Plovdiv BUL"]
[Date "2014.07.14"]
[Round "8.53"]
[White "Sazonova, Anastasia"]
[Black "Shivacheva, Donika"]
[Result "1-0"]
[WhiteElo "2082"]
[BlackElo "1790"]
[EventDate "2014.07.06"]
[PlyCount "45"]

1.e4 e5 2.Nf3 Nc6 3.Nc3 g6 4.d4 exd4 5.Nxd4 Bg7 6.Be3 Nge7 7.g3 d6 8.Bg2 
Ne5 9.h3 Nc4 10.Bc1 Bd7 11.O-O O-O 12.f4 Nc6 13.Nde2 Kh8 14.g4 Re8 15.Qd3 
Nb6 16.a3 Qe7 17.Bd2 Rad8 18.Rae1 Be6 19.Nd5 Bxd5 20.exd5 Nb8 21.Nd4 Qf6 
22.Bc3 Na4 23.g5 1-0

[Event "15th EUR-ch (w)"]
[Site "Plovdiv BUL"]
[Date "2014.07.14"]
[Round "8.54"]
[White "Shabanaj, Eglantina"]
[Black "Sop, Selen"]
[Result "1/2-1/2"]
[WhiteElo "2046"]
[BlackElo "1970"]
[EventDate "2014.07.06"]
[PlyCount "98"]

1.e4 c5 2.Nf3 d6 3.d4 cxd4 4.Nxd4 Nf6 5.Nc3 a6 6.Be2 e5 7.Nb3 Be7 8.f4 Qc7
9.O-O Be6 10.Be3 Nbd7 11.Bf3 b5 12.Nd5 Bxd5 13.exd5 e4 14.Be2 Nb6 15.Bxb6 
Qxb6+ 16.Kh1 Rc8 17.a4 b4 18.a5 Qb7 19.Re1 O-O 20.Rc1 Rc7 21.Bf1 Re8 22.
Qd4 Bf8 23.Be2 Qxd5 24.Bxa6 Qxd4 25.Nxd4 Ra8 26.Bb5 Rxa5 27.c4 bxc3 28.
bxc3 d5 29.c4 dxc4 30.Rxc4 Rxc4 31.Bxc4 Ra4 32.Rc1 g6 33.h3 Ba3 34.Rc2 Bd6
35.g3 h5 36.Nc6 h4 37.Nd8 hxg3 38.Bxf7+ Kg7 39.Bb3 Ra1+ 40.Kg2 Nh5 41.Ne6+
Kf6 42.Rc6 Ke7 43.Rc4 Nf6 44.Kxg3 Ra3 45.Nd4 Nh5+ 46.Kg4 Bxf4 47.Rb4 Ra1 
48.Ne2 Be5 49.Kg5 Nf6 1/2-1/2

[Event "15th EUR-ch (w)"]
[Site "Plovdiv BUL"]
[Date "2014.07.14"]
[Round "8.55"]
[White "Olea, Liliana"]
[Black "Ivanova, Simoneta"]
[Result "0-1"]
[WhiteElo "1951"]
[BlackElo "2038"]
[EventDate "2014.07.06"]
[PlyCount "100"]

1.e4 c5 2.Nf3 e6 3.g3 Nc6 4.Bg2 d5 5.Qe2 dxe4 6.Qxe4 Nf6 7.Qe2 Be7 8.O-O 
O-O 9.Rd1 Nd4 10.Nxd4 cxd4 11.d3 Re8 12.Nd2 Rb8 13.Nc4 Bc5 14.Bg5 e5 15.
Bxf6 gxf6 16.Qh5 b5 17.Nd2 f5 18.Nf3 Qf6 19.Nh4 Bf8 20.Re1 f4 21.gxf4 Qxf4
22.Re4 Qf6 23.Rae1 Bg7 24.Rxd4 Bh3 25.Rde4 Bxg2 26.Kxg2 Kh8 27.R1e3 Bh6 
28.Rh3 Rg8+ 29.Kf1 Rg5 30.Qf3 Qe6 31.Ng2 Rbg8 32.Reh4 R8g6 33.Rg3 Qxa2 34.
Rb4 Qb1+ 35.Ne1 Kg7 36.Qe4 Rh5 37.Rxg6+ hxg6 38.Rxb5 Bf4 39.Rb7 Qa2 40.b3 
Bxh2 41.Qc4 Rf5 42.Qh4 Bf4 43.Qe7 Be3 44.f3 Qa1 45.Ke2 Qc1 46.Qb4 Rh5 47.
Rb8 Rh2+ 48.Kf1 Rf2+ 49.Kg1 Bc5 50.Qxc5 Qxe1# 0-1

[Event "15th EUR-ch (w)"]
[Site "Plovdiv BUL"]
[Date "2014.07.14"]
[Round "8.56"]
[White "Radeva, Viktoria"]
[Black "Balimezova, Margarita"]
[Result "1-0"]
[WhiteElo "1937"]
[BlackElo "1631"]
[EventDate "2014.07.06"]
[PlyCount "45"]

1.e4 c5 2.Nf3 d6 3.d4 cxd4 4.Nxd4 Nf6 5.Nc3 a6 6.Be3 e5 7.Nb3 Be6 8.f3 
Nbd7 9.Qd2 Be7 10.Nd5 Nxd5 11.exd5 Bf5 12.Na5 Qc7 13.c4 Bd8 14.b4 Rc8 15.
Be2 h6 16.O-O Bg6 17.Rac1 f5 18.Nb3 b6 19.c5 bxc5 20.Bxa6 Ra8 21.Bb5 Kf7 
22.bxc5 dxc5 23.d6 1-0

[Event "15th EUR-ch (w)"]
[Site "Plovdiv BUL"]
[Date "2014.07.14"]
[Round "8.57"]
[White "Brezalieva, Steliyana"]
[Black "Soyunlu, Narmin"]
[Result "0-1"]
[WhiteElo "1456"]
[BlackElo "1936"]
[EventDate "2014.07.06"]
[PlyCount "62"]

1.d4 e6 2.c4 Nf6 3.Nf3 b6 4.Qc2 Bb7 5.Nc3 Bb4 6.Bd2 O-O 7.a3 Bxc3 8.Bxc3 
Ne4 9.e3 d6 10.Nd2 f5 11.Nxe4 fxe4 12.g3 Nd7 13.Bg2 Nf6 14.h3 Qe8 15.Rd1 
Qg6 16.d5 e5 17.Rf1 Rfd8 18.Qa4 a5 19.Qc2 Ba6 20.b3 Bb7 21.Bb2 c6 22.Qb1 
cxd5 23.cxd5 Ba6 24.Rg1 Bd3 25.Qa2 Rdc8 26.Bf1 Rc2 27.Rd2 Rac8 28.Rxc2 
Rxc2 29.b4 Qf5 30.Rg2 Qxh3 31.bxa5 Qh1 0-1

[Event "15th EUR-ch (w)"]
[Site "Plovdiv BUL"]
[Date "2014.07.14"]
[Round "8.58"]
[White "Vasileva, Cveta"]
[Black "Krasteva, Beloslava"]
[Result "0-1"]
[WhiteElo "1598"]
[BlackElo "1361"]
[EventDate "2014.07.06"]
[PlyCount "82"]

1.d4 c5 2.d5 Nf6 3.c4 b5 4.cxb5 a6 5.bxa6 Bxa6 6.g3 g6 7.Bg2 d6 8.Nc3 Bg7 
9.Nf3 O-O 10.O-O Nbd7 11.Re1 c4 12.e4 Qc7 13.e5 dxe5 14.Nxe5 Nxe5 15.d6 
exd6 16.Bxa8 Rxa8 17.Bf4 Nd3 18.Re3 Nxf4 19.gxf4 Bb7 20.h3 Qc6 21.Kf1 Nh5 
22.f5 Qg2+ 23.Ke2 Nf4+ 24.Ke1 Qg1+ 25.Kd2 Qxf2+ 26.Ne2 Bf3 27.Qg1 Qxg1 28.
Nxg1 Bc6 29.fxg6 hxg6 30.Kc2 Nd3 31.Nf3 Bxb2 32.Rf1 Rxa2 33.Rxd3 cxd3+ 34.
Kb1 Ra1+ 35.Kxb2 Rxf1 36.Nd2 Rf2 37.Kc3 Rxd2 38.Kxd2 Be4 39.h4 f5 40.Ke3 
f4+ 41.Kxe4 d2 0-1